|
|
|
|
| LEADER |
00000cam a2200000 a 4500 |
| 001 |
vtls001118651 |
| 003 |
SK-MaSNL |
| 005 |
20260302031120.0 |
| 008 |
240226s1984 xo al drp 000 0 slo |
| 015 |
|
|
|a SNBA1984
|
| 020 |
|
|
|q (viazané)
|
| 035 |
|
|
|a SNK000061494
|
| 035 |
|
|
|a 08641165-91E1-4E83-A240-1797A1D9E63B
|
| 035 |
|
|
|a urn:nbn:sk:snk-am00igcw
|
| 040 |
|
|
|a SNK
|b slo
|c SNK
|e AACR2
|
| 041 |
1 |
|
|a slo
|h cze
|
| 044 |
|
|
|a xo
|c SK
|
| 072 |
|
7 |
|a 51
|x Matematika
|2 konspekt
|
| 072 |
|
7 |
|a 37.016
|x Učebné osnovy. Vyučovacie predmety. Učebnice
|2 konspekt
|
| 080 |
|
|
|a 51
|2 2011
|
| 080 |
|
|
|a (075.3)
|2 2011
|
| 080 |
|
|
|a (075.3)
|2 2001
|
| 100 |
1 |
|
|a Calda, Emil,
|d 1935-
|4 aut
|9 131639
|
| 245 |
1 |
0 |
|a Matematika pre študijné odbory SOŠ a SOU
|n 1. časť
|c Emil Calda, Jana Řepová, Oldřich Petránek ; [z českého originálu preložila Edita Poláková]
|
| 246 |
3 |
|
|a Matematika pre študijné odbory stredných odborných škôl a stredných odborných učilíšť
|
| 250 |
|
|
|a 1. vyd.
|
| 260 |
|
|
|a Bratislava
|b Slovenské pedagogické nakladateľstvo
|c 1984
|
| 300 |
|
|
|a 193 strán
|b ilustrácie, schémy, tabuľky
|c 21 cm
|
| 366 |
|
|
|e 56000 kusov
|
| 500 |
|
|
|a Preložené z češtiny
|
| 650 |
0 |
7 |
|a matematika
|2 SNKPH
|9 70174
|
| 655 |
|
7 |
|a učebnice stredných škôl
|2 SNKPH
|9 69323
|
| 655 |
|
7 |
|a učebnice učňovských škôl
|2 SNKPH
|9 166734
|
| 700 |
1 |
|
|a Řepová, Jana
|4 aut
|9 42154
|
| 700 |
1 |
|
|a Petránek, Oldřich
|4 aut
|9 46267
|
| 700 |
1 |
|
|a Poláková, Edita
|c (matematička)
|4 trl
|9 262859
|
| 852 |
|
|
|a Slovenská národná knižnica
|
| 954 |
|
|
|a odborná, vedecká literatúra cudzojazyčná (svetová)
|2 lita
|
| 958 |
|
|
|a RK
|
| 958 |
|
|
|a TL
|
| 958 |
|
|
|a CZ
|
| 958 |
|
|
|a OND
|
| 958 |
|
|
|a OP
|
| 958 |
|
|
|a UC
|
| 958 |
|
|
|a EUIPO
|
| 999 |
|
|
|c 1050839
|d 1052769
|
| 952 |
|
|
|a SNK
|b SNK
|y PREZ
|7 0
|p 17A0915043
|o snkSC 60869/1
|i snkKSP 3943/84
|0 0
|1 0
|4 0
|d 2012-08-06
|f 1
|l 0
|r 2025-06-11 00:00:00
|w 2026-02-24
|
| 952 |
|
|
|t P60, <04>, [BOOK], {604}
|a SNK
|b SNK
|y VYP
|7 0
|p 17A0035353
|o snkSC 60869/1 D1
|0 0
|1 0
|4 0
|d 1997-02-04
|l 0
|r 2004-12-31 00:00:00
|w 2026-02-24
|